| 000 | 00667cam a2200241 a 4500 | ||
|---|---|---|---|
| 999 |
_c3808 _d3808 |
||
| 003 | ALUPE UNIVERSITY | ||
| 005 | 20220707105106.0 | ||
| 008 | 040225s2003 mnu b 001 0 eng | ||
| 020 | _a9780314274656 | ||
| 020 | _a9780314274656 | ||
| 040 | _cALUPE UNIVERSITY | ||
| 043 | _an-us--- | ||
| 049 | _aJHEE | ||
| 050 | 0 | 0 |
_aKF9618 _b.D68 2010 |
| 100 | 1 | _aDressler, Joshua. | |
| 245 | 1 | 0 |
_aCases and materials on criminal law / _cby Joshua Dressler. |
| 250 | _a3rd ed. | ||
| 260 |
_aSt. Paul, MN : _bThomson/West, _cc2010. |
||
| 300 |
_aVii, 202 p. ; _c25 cm. + |
||
| 650 | 0 |
_aCriminal law _zUnited States _vCases. |
|
| 910 | _a2647586 | ||
| 942 |
_2lcc _cBK _nWO |
||